Zákazníci expresných služieb

Zákazníci expresných služieb podľa jednotlivých odvetví. Expresné služby najviac využívané vo farmaceutickom priemysle, automobilovom priemysle a v hight - tech službách. Dôvody využívania expresných služieb. Uplatňovanie logistických stratégií v expresných službách.

Enregistré dans:
Détails bibliographiques
Auteur principal: Furdová, Lucia, 1984-
Format: Chapitre de livre
Langue:slovaque
Sujets:
Tags: Ajouter un tag
Pas de tags, Soyez le premier à ajouter un tag!

MARC

LEADER 00000nla$a2200000$$$4500
001 0112139
005 20240502072237.8
041 0 |a slo 
044 |a SK 
245 1 0 |a Zákazníci expresných služieb  |c Lucia Furdová 
520 |a Zákazníci expresných služieb podľa jednotlivých odvetví. Expresné služby najviac využívané vo farmaceutickom priemysle, automobilovom priemysle a v hight - tech službách. Dôvody využívania expresných služieb. Uplatňovanie logistických stratégií v expresných službách. 
610 2 0 |a služby logistické 
610 2 0 |a distribúcia 
610 2 0 |a zásielky poštové 
610 2 0 |a zákazníci 
610 2 0 |a odvetvia priemyselné 
100 1 |a Furdová, Lucia, 1984-